Quizzes
Events
Quiz Creation
Community
Videos
Private Events
Remove Ads
Sign In
Join for FREE
Feedback
Dark Mode
Quiz Categories
Sports
Geography
Music
Movies
Television
Just For Fun
Miscellaneous
History
Literature
Language
Science
Gaming
Entertainment
Religion
Holiday
For Kids
Quiz Lab
Recent
Popular Today
Quiz Kudos Today
Editor Picks
Curator Picks
Quizzes by...
Day
Popularity
Type
Ratings
Length
Year
Community
Subscriptions
Recent Discussions
Orange Saloon
Badges
Playlists
Quests
Create
Leaderboards
Showdown
Live 5
Trivia Bingo
Activity
Puzzle Library
Sporcle Events
Private Events
Virtual Trivia
Globe League
Become a Host
Pub Owners
SporcleCon
Opinionation
Our Games
Videos
Blog
Mobile Apps
Partnerships
Remove Ads and Go Orange
Feedback
Television
TV Characters
TV Show
Sitcom
Network
Friends
Reality Shows
Cast
South Park
Star Trek
The Simpsons
Doctor Who
Television
TV Characters
TV Show
Sitcom
Network
Friends
Reality Shows
Cast
South Park
Star Trek
The Simpsons
Doctor Who
Random Quiz
Search Sporcle
×
Quiz Lab
Quiz Lab
Television
Animation
Type in answers that appear in a list
Type in answers that appear in a list
Classic
Best Score? Go Orange.
'Family Guy' Episodes Stats
Can you name the episodes from the first 7 seasons of 'Family Guy'?
By
MMP
18m
126 Questions
726 Plays
726 Plays
726 Plays
Comments
Comments
Give Quiz Kudos
Give Quiz Kudos
-
- Ratings
hide this ad
More Info
Replay
Link that replays current quiz
Next Quiz
Link to next quiz in quiz playlist
You Got
0%
They Got
Avg Score
38%
Avg Friend Score
Upgrade to see
Score Distribution
Jump to the score distribution portion of the page
Score
0/126
Timer
18:00
0
Plays Today
Season
Episode Title
% Correct
1
Death Has a Shadow
70.3%
2
Road to Rhode Island
67.3%
6
Stewie Kills Lois
62.8%
6
Lois Kills Stewie
60.8%
3
Road to Europe
60.2%
5
Road to Rupert
59.9%
1
Chitty Chitty Death Bang
58.1%
7
Road to Germany
58%
2
Da Boom
55.1%
1
A Hero Sits Next Door
52.6%
6
Blue Harvest
52.5%
2
Peter, Peter, Caviar Eater
52.3%
1
I Never Met the Dead Man
52.2%
4
North by North Quahog
51.8%
4
PTV
51.2%
3
The Thin White Line
51.1%
1
Brian: Portrait of a Dog
50.7%
2
Death Is a Bitch
50.7%
5
Stewie Loves Lois
50.6%
4
Petarded
50%
1
The Son Also Draws
49.7%
4
The Cleveland-Loretta Quagmire
48.3%
1
Mind Over Murder
48.2%
7
Family Gay
47.2%
3
Brian Does Hollywood
47%
5
Meet the Quagmires
45.3%
2
Holy Crap
44.9%
2
Brian in Love
44.6%
3
When You Wish Upon a Weinstein
44.6%
3
Death Lives
43.4%
3
Emission Impossible
43.1%
6
McStroke
42.3%
4
Peterotica
41.6%
3
Family Guy Viewer Mail #1
40.7%
7
I Dream of Jesus
40.5%
2
The King Is Dead
40.2%
2
E. Peterbus Unum
40.1%
6
Believe It or Not, Joe's Walking on Air
40.1%
3
Mr. Saturday Knight
39.8%
2
Dammit Janet
39.6%
2
Love Thy Trophy
39.1%
2
Wasted Talent
39.1%
Season
Episode Title
% Correct
2
Fore, Father
39%
7
420
38.8%
4
Model Misbehavior
38.7%
7
Stew-Roids
38.7%
7
Love Blactually
38.5%
4
Peter's Got Woods
38.4%
4
Don't Make Me Over
38.3%
4
Petergeist
38.1%
5
Mother Tucker
38%
4
Blind Ambition
37.8%
3
Screwed the Pooch
37.7%
3
Brian Wallows and Peter's Swallows
37.7%
4
Jungle Love
37.6%
3
One If by Clam, Two If by Sea
37.4%
4
Untitled Griffin Family History
37.4%
6
Movin' Out (Brian's Song)
37.4%
2
Let's Go to the Hop
37%
4
Patriot Games
37%
7
Three Kings
37%
6
Peter's Daughter
36.7%
5
Hell Comes to Quahog
36.3%
5
The Tan Aquatic with Steve Zissou
36.2%
3
To Love and Die in Dixie
35.9%
3
A Very Special Family Guy Freakin' Christmas
35.9%
6
Back to the Woods
35.8%
3
The Kiss Seen Around the World
35.6%
5
Peter's Two Dads
35.5%
5
Saving Private Brian
35.4%
6
Long John Peter
35.4%
4
8 Simple Rules for Buying My Teenage Daughter
35.2%
4
Deep Throats
35.2%
2
I Am Peter, Hear Me Roar
35.1%
3
Peter Griffin: Husband, Father...Brother?
34.9%
4
The Father, the Son and the Holy Fonz
34.9%
4
Brian Goes Back to College
34.8%
3
Mr. Griffin Goes to Washington
34.7%
2
Running Mates
34.4%
5
It Takes a Village Idiot, and I Married One
34.3%
3
Lethal Weapons
34.1%
3
And the Wiener Is...
34%
4
Fat Guy Strangler
34%
5
Chick Cancer
34%
Season
Episode Title
% Correct
2
Fifteen Minutes of Shame
33.8%
2
The Story on Page One
33.8%
5
Airport '07
33.8%
4
Fast Times at Buddy Cianci Jr. High
33.4%
4
I Take Thee, Quagmire
33.4%
2
If I'm Dyin' I'm Lyin'
33.3%
7
Peter's Progress
33.1%
5
Bill & Peter's Bogus Journey
32.7%
2
He's Too Sexy for His Fat
32.6%
3
A Fish Out of Water
32.6%
5
Whistle While Your Wife Works
32.6%
4
Brian Sings and Swings
32.3%
4
You May Now Kiss the... Uh... Guy Who Receives
32.3%
5
Prick Up Your Ears
32.3%
4
Stewie B. Goode
32.2%
4
Breaking Out Is Hard to Do
32%
6
Padre de Familia
32%
5
Boys Do Cry
31.9%
3
Stuck Together, Torn Apart
31.8%
4
Brian the Bachelor
31.8%
4
Sibling Rivalry
31.8%
4
The Courtship of Stewie's Father
31.6%
4
Bango Was His Name Oh
31.4%
6
The Former Life of Brian
31.2%
4
Perfect Castaway
31.1%
4
Stu & Stewie's Excellent Adventure
31.1%
2
There's Something About Paulie
30.9%
5
No Chris Left Behind
30.9%
7
The Man with Two Brians
30.7%
7
Ocean's Three and a Half
30.4%
7
We Love You Conrad
30%
2
A Picture Is Worth 1,000 Bucks
29.8%
7
FOX-y Lady
29.8%
7
Baby Not on Board
29.6%
7
The Juice is Loose!
29.3%
5
No Meals on Wheels
29.1%
3
Ready, Willing and Disabled
28.6%
7
Tales of a Third Grade Nothing
28.3%
5
Barely Legal
27.8%
3
From Method to Madness
27.5%
6
Play It Again, Brian
27.1%
7
Not All Dogs Go to Heaven
26.2%
Quiz Playlist
Details
Report
Send in Message
Add To Playlist
More Info:
It seems today that all you see is violence in movies and sex on TV...
Classic:
Type in answers that appear in a list
Quiz Source
Last Updated: Feb 16, 2017
Quiz Scoreboard
CHALLENGE
Sign Up to Join the Scoreboard
Show All
Scores
Hide
Comments
May contain spoilers
Recently Published
Presidents Visiting Landmarks
by Hejman
History
7m
An Introduction to Baseball
by treessimontrees
Sports
5m
Movies - When Are They Set?
by FPL_Elf
Movies
5m
More to Explore
Quiz From the Vault
Featured Blog Post
Where Did the Easter Bunny Come From?
hide this ad
You Might Also Like...
Tags
Animation Quiz
episode
Family
Family Guy
Guy
season
Today's Top Quizzes in Television
Browse Television
hide this ad
Today's Top Quizzes in Animation
Browse Animation
Top Contributed Quizzes in Television
1
5-to-1: The Simpsons Families
2
One Piece Logic Puzzle
3
5-to-1: Television Doctors
4
7-to-1: TV Show Settings
5
5-to-1: Streaming Originals
6
Survivor Logic Puzzle: Heroes vs. Villains
7
Survivor Seasons
8
Survivor Season by Logo
9
One Thing in Common: Television
10
Survivor Trivia
Explore More
Trending Topics
Crossword
Anime
Marvel
Harry Potter
NBA
Disney
Kpop
Song
Soccer
Country
Puzzle
The Office
NFL
Pokémon
WWE
hide this ad
More By:
MMP
Quiz
Plays
Rating
Category
Featured
Created
Game Show Sound Effects (clips)
1,824
3.44
Television
Jul 27, 2011
50 Greatest Novelty Songs (given lyrics)
1,800
4.27
Music
Jun 13, 2010
The Beach Boys Songs
870
4.00
Music
Sep 26, 2009
'Family Guy' Episodes
726
3.80
Television
Sep 23, 2009
FCS Team Locations
624
4.75
Sports
Dec 2, 2010
Go to Creator's Profile
Score Distribution
Quiz Creator Spotlight
MMP
Follow
Send a Message
Quizzes Created
-
Created Quiz Play Count
-
More By This Creator
Popular Quizzes Today
1
Find the US States - No Outlines Minefield
2
Find the Countries of Europe - No Outlines Minefield
3
The Countries of the World
4
Find the US States
5
Popular People in 1961
6
US States
7
Risky Map Clicking: Biggest States A-Z
8
1-10 Letter E Words III
More Television Quizzes
The 3rd thing you need to know: Doctor Who
Curator's Pick
Trending Quizzes
Risky Map Clicking: Least Populous States A-Z
1-10 Letter G Words
1-10 Letter F Words
Risky Map Clicking: Next State Alphabetically
Risky Map Clicking: Biggest States A-Z
Recently Updated
Leaping Animals
pecheneg
Reality TV Shows (A-Z)
bhenderson79
Rickey Henderson's Hall of Fame Teammates
pecheneg
Champions League XIs: Arsenal
pecheneg
Quick Pick: Celebrities in WWE's Hall of Fame
aduchscher
A-Z Keypad Blitz II
pecheneg
Multiple Oscar Actors
pecheneg
Mystery Phrase Blitz: Oscar 'Best Actors'
pecheneg
F. Scott Fitzgerald Novels
LTH
Pick 3 Villains
ddd62291
Trending Topics
Crossword
Kpop
Disney
Harry Potter
Anime
Marvel
NBA
Song
Pokémon
Soccer
NFL
Puzzle
WWE
Country
The Office
Your Account Isn't Verified!
In order to create a playlist on Sporcle, you need to verify the email address you used during registration. Go to your
Sporcle Settings
to finish the process.
Report this User
Report this user for behavior that violates our
Community Guidelines
.
Details:
Send Report
Go to the Sporcle.com Mobile Site →
Comments